Пишем по-русски: развитие письменной речи для иностранных учащихся (базовый уровень), Учебное пособие
| Hlavní autor: | |
|---|---|
| Další autoři: | |
| Shrnutí: | Книга находится в премиум-версии платформы «Русский как иностранный». Учебное пособие «Пишем по-русски: развитие письменной речи для иностранных учащихся (базовый уровень)» предназначено для иностранцев, владеющих русским языком в объеме элементарного уровня. Цель учебного издания – формирование языковой, речевой и коммуникативной компетенции в области письма и письменной речи в объеме Государственного стандарта базового уровня ТРКИ-TORFL. Пособие адресовано студентам подготовительных отделений вузов, обучающимся по программе дополнительного образования «Русский язык как иностранный», а также слушателям курсов по русскому языку как иностранному. Гарантированный срок размещения на платформе до 01.05.2028 (автопролонгация) |
| Vydáno: |
Екатеринбург, Издательство Уральского университета, 2017
|
| Vydání: | Пишем по-русски: развитие письменной речи для иностранных учащихся (базовый уровень) |
| Témata: | |
| On-line přístup: | Перейти к просмотру издания |
| Médium: | MixedMaterials Elektronický zdroj |
MARC
| LEADER | 00000 a2200000 4500 | ||
|---|---|---|---|
| 001 | RU/ROS-EDU.RU/106761 | ||
| 856 | 4 | |u https://www.ros-edu.ru/book?id=106761 |z Перейти к просмотру издания | |
| 010 | |a 987-5-7996-2105-6 | ||
| 205 | |a Пишем по-русски: развитие письменной речи для иностранных учащихся (базовый уровень) |b 2028-05-01 | ||
| 333 | |a Гарантированный срок размещения на платформе до 01.05.2028 (автопролонгация) | ||
| 100 | |a 20170101d2017 |||y0rusy0250 |s 2028-05-01 | ||
| 105 | |a y z 000zy | ||
| 101 | 0 | |a rus | |
| 102 | |a RU | ||
| 200 | 1 | |a Пишем по-русски: развитие письменной речи для иностранных учащихся (базовый уровень) |b Электронный ресурс |e Учебное пособие |f У. С. Кутяева, Е. П. Лопорт | |
| 700 | 1 | |b У. С. |a Кутяева |4 070 | |
| 701 | 1 | |b Е. П. |a Лопорт |4 070 | |
| 330 | |a Учебное пособие «Пишем по-русски: развитие письменной речи для иностранных учащихся (базовый уровень)» предназначено для иностранцев, владеющих русским языком в объеме элементарного уровня. Цель учебного издания – формирование языковой, речевой и коммуникативной компетенции в области письма и письменной речи в объеме Государственного стандарта базового уровня ТРКИ-TORFL. Пособие адресовано студентам подготовительных отделений вузов, обучающимся по программе дополнительного образования «Русский язык как иностранный», а также слушателям курсов по русскому языку как иностранному. | ||
| 210 | |a Екатеринбург |c Издательство Уральского университета |d 2017 | ||
| 610 | 1 | |a русский язык | |
| 610 | 1 | |a иностранный студент | |
| 610 | 1 | |a письменная речь | |
| 610 | 1 | |a лексика | |
| 610 | 1 | |a грамматика | |
| 675 | |a 81 | ||
| 686 | |a 81.2 |2 rubbk | ||
| 300 | |a Книга находится в премиум-версии платформы «Русский как иностранный». | ||
| 215 | |a 98 с. | ||